Inovácie v marketingu

Na minha lista:
Detalhes bibliográficos
Autor principal: Danková, Lenka, 1993-
Outros Autores: Naščáková, Jana
Formato: Capítulo de Livro
Idioma:eslovaco
Tags: Adicionar Tag
Sem tags, seja o primeiro a adicionar uma tag!

MARC

LEADER 00000nla a2200000 4500
001 0240142
005 20240502073909.7
041 0 |a slo 
044 |a SK 
245 1 0 |a Inovácie v marketingu 
500 |a Abstrakt 
100 1 |a Danková, Lenka, 1993- 
700 1 |a Naščáková, Jana